000 02251nam a22002297a 4500
003 OSt
005 20260602164445.0
008 260602b |||||||| |||| 00| 0 eng d
020 _a9780753559215
040 _aKenya National Library Service
082 _a321.9 RES
100 _aRessa, Maria
_eauthor
245 _aHow to stand up to a dictator :
_bthe fight for our future /
_cMaria Ressa.
300 _a309 pages :
_billustrations ;
_c20 cm.
520 _aFrom the recipient of the 2021 Nobel Peace Prize, an impassioned and inspiring memoir of a career spent holding power to account. Maria Ressa is one of the most renowned international journalists of our time. For decades, she challenged corruption and malfeasance in her native country, the Philippines, on its rocky path from an authoritarian state to a democracy. As a reporter from CNN, she transformed news coverage in her region, which led her in 2012 to create a new and innovative online news organization, Rappler. Harnessing the emerging power of social media, Rapplercrowdsourced breaking news, found pivotal sources and tips, harnessed collective action for climate change, and helped increase voter knowledge and participation in elections. But by their fifth year of existence, Rappler had gone from being lauded for its ideas to being targeted by the new Philippine government, and made Ressa an enemy of her country's most powerful man: President Duterte. Still, she did not let up, tracking government seeded disinformation networks which spread lies to its own citizens laced with anger and hate. Hounded by the state and its allies using the legal system to silence her, accused of numerous crimes, and charged with cyberlibel for which she was found guilty, Ressa faces years in prison and thousands in fines. There is another adversary Ressa is battling. How to Stand Up to a Dictator is also the story of how the creep towards authoritarianism, in the Phillipines and around the world, has been aided and abetted by the social media companies.
650 _aPolitical science.
650 _aAuthoritarianism.
650 _aSystems of governments and states.
942 _2ddc
_cBK
_n0
999 _c492967
_d492967